Loading...
| Beliefs | 4 | 12.50 | 50% | 25% | 50% |
| Fine Arts - Classical Music and Opera | 7 | 15.71 | 86% | 29% | 43% |
| Fine Arts - Other | 3 | 10.00 | 0% | 33% | 67% |
| Fine Arts - Visual | 4 | 10.00 | 50% | 25% | 25% |
| History - European | 5 | 8.00 | 60% | 0% | 20% |
| History - Other | 4 | 20.00 | 50% | 75% | 75% |
| History - US | 4 | 12.50 | 25% | 25% | 75% |
| History - World | 2 | 15.00 | 0% | 100% | 50% |
| Literature - American | 3 | 13.33 | 67% | 0% | 67% |
| Literature - British | 6 | 15.00 | 33% | 67% | 50% |
| Literature - European | 6 | 10.00 | 17% | 50% | 33% |
| Literature - World | 3 | 16.67 | 67% | 33% | 67% |
| Modern World | 3 | 13.33 | 33% | 33% | 67% |
| Other Academic | 1 | 10.00 | 0% | 100% | 0% |
| Philosophy | 5 | 8.00 | 0% | 40% | 40% |
| Science - Biology | 4 | 17.50 | 50% | 50% | 75% |
| Science - Chemistry | 2 | 5.00 | 0% | 0% | 50% |
| Science - Earth | 1 | 20.00 | 100% | 100% | 0% |
| Science - Other | 5 | 10.00 | 60% | 40% | 0% |
| Science - Physics | 4 | 17.50 | 50% | 75% | 50% |
| Social Science | 6 | 11.67 | 50% | 33% | 33% |